| 000 | 00893cpcaa2200265 a 4500 | ||
|---|---|---|---|
| 001 | mm 79005612 | ||
| 003 | DLC | ||
| 005 | 20260227111651.0 | ||
| 008 | 790621|||||||||||| spa | ||
| 010 | _amm 79005612 | ||
| 040 |
_aDLC _cDLC _dDLC _edacs |
||
| 072 | 7 |
_aL _2lcmd |
|
| 100 | 1 |
_aValle, Rafael Heliodoro, _d1891-1959. |
|
| 245 | 0 | 3 |
_aEl poema de Honduras : _kmanuscript poem, _f1954. |
| 300 |
_a1 _fitem. |
||
| 506 | 0 | _aOpen to research. | |
| 520 | 8 | _aHolograph of Valle's poem. | |
| 545 | 0 | _aHonduran poet. | |
| 546 | _aCollection material in Spanish. | ||
| 580 | _aForms part of: Miscellaneous Manuscripts collection. | ||
| 650 | 0 |
_aHonduran poetry _y20th century. |
|
| 656 | 7 |
_aPoets. _2itoamc |
|
| 999 |
_c41955 _d41955 |
||